Haikyuu!! Shiratorizawa Players - Statistics

General Stats
  • This quiz has been taken 18 times
  • The average score is 9 of 15
Answer Stats
Picture Hint Answer % Correct
Middle Blocker Satori Tendō
100%
Captain / Wing Spiker / Opposite Hitter / Ace Wakatoshi Ushijima
100%
Setter / Pinch Server Eita Semi
87%
Setter Kenjirō Shirabu
80%
Wing Spiker / Outside Hitter Tsutomu Goshiki
80%
Wing Spiker / Outside Hitter / Vice Captain Reon Ōhira
73%
Coach Tanji Washijō
73%
Middle Blocker Taichi Kawanishi
67%
Libero Hayato Yamagata
53%
Coach Akira Saitō
33%
Vice Captain Jin Soekawa
33%
Middle Blocker Yu Shibata
33%
Wing Spiker Yūshō Sagae
27%
Libero Kai Akakura
20%
Pinch Server Yunohama
20%
No matching quizzes found
Score Distribution
Percent of People with Each Score
Percentile by Number Answered
Your Score History
You have not taken this quiz